000
00329nam a2200133Ia 4500
008
221030s9999 xx 000 0 und d
041
_a
English
100
_a
Govt. of J & K
245
0
_a
1974 Supplement; The Laws of ( J & K)
_c
by Govt. of J & K
260
_b
J & K Govt.
_c
1974
300
_a
141
650
_a
Law
942
_c
BK
999
_c
19020
_d
19020